| 000 | 00769cam a22002651 4500 | ||
|---|---|---|---|
| 001 | 7900277 | ||
| 003 | ARRUPE | ||
| 005 | 20170123100310.0 | ||
| 008 | 750714s1950 enk 000 0 eng | ||
| 010 | _a 51005171 | ||
| 015 | _aGB50-10078 | ||
| 035 | _a(OCoLC)1446330 | ||
| 040 |
_aDLC _cFTS _dIDeKN _dOCoLC _dUk _dDLC |
||
| 042 | _apremarc | ||
| 050 | 0 | 0 | _aBJ43.T6 |
| 082 | _a170 | ||
| 100 | 1 |
_aToulmin, Stephen E. _d1922-2009. _928437 |
|
| 245 | 1 | 3 |
_aAn examination of the place of reason in ethics, _cby Stephen Edelston Toulmin. |
| 260 |
_aCambridge _bUniversity Press _c1950 |
||
| 300 |
_axiv, 228p.; _c22cm. |
||
| 650 | 0 |
_aEthics. _928438 |
|
| 650 | 0 |
_aReason. _928439 |
|
| 906 |
_a7 _bcbc _coclcrpl _du _encip _f19 _gy-gencatlg |
||
| 942 |
_2lcc _cMONOGRAPH |
||
| 999 |
_c125995 _d125995 |
||